<?xml version="1.0" encoding="UTF-8"?>
<record
    xmlns:xsi="http://www.w3.org/2001/XMLSchema-instance"
    xsi:schemaLocation="http://www.loc.gov/MARC21/slim http://www.loc.gov/standards/marcxml/schema/MARC21slim.xsd"
    xmlns="http://www.loc.gov/MARC21/slim">

  <leader>01445nam a2200253   4500</leader>
  <controlfield tag="001">113984</controlfield>
  <controlfield tag="003">DR-UNIBE</controlfield>
  <controlfield tag="005">20250730140454.0</controlfield>
  <controlfield tag="008">250730b2009    mx ||||| |||| 00| 0 spa d</controlfield>
  <datafield tag="020" ind1=" " ind2=" ">
    <subfield code="a">9786074681383</subfield>
  </datafield>
  <datafield tag="040" ind1=" " ind2=" ">
    <subfield code="a">BIBLIOTECA UNIBE</subfield>
    <subfield code="b">spa</subfield>
    <subfield code="c">BIBLIOTECA UNIBE</subfield>
    <subfield code="e">rda</subfield>
  </datafield>
  <datafield tag="041" ind1=" " ind2=" ">
    <subfield code="a">spa</subfield>
  </datafield>
  <datafield tag="082" ind1=" " ind2=" ">
    <subfield code="2">22</subfield>
    <subfield code="a">347.72 R245</subfield>
  </datafield>
  <datafield tag="245" ind1="1" ind2="0">
    <subfield code="a">Recomendaci&#xF3;n 01/2009 nombramiento de subordinados jer&#xE1;rquicos de Magistrados y Jueces del Poder Judicial de la Federaci&#xF3;n Suprema Corte de Justicia de la Naci&#xF3;n</subfield>
  </datafield>
  <datafield tag="250" ind1=" " ind2=" ">
    <subfield code="a">Primera edici&#xF3;n</subfield>
  </datafield>
  <datafield tag="260" ind1=" " ind2=" ">
    <subfield code="a">M&#xE9;xico :</subfield>
    <subfield code="b">Suprema Corte de Justicia de la Naci&#xF3;n, </subfield>
    <subfield code="c">2009</subfield>
  </datafield>
  <datafield tag="300" ind1=" " ind2=" ">
    <subfield code="a">xvii, 122 p&#xE1;ginas :</subfield>
    <subfield code="c">18  x 11 cm</subfield>
  </datafield>
  <datafield tag="490" ind1=" " ind2=" ">
    <subfield code="a">Opiniones Consultivas de Asesor&#xED;as y Recomendaciones de la Comisi&#xF3;n Nacional de &#xC9;tica Judicial</subfield>
  </datafield>
  <datafield tag="505" ind1=" " ind2=" ">
    <subfield code="a">Presentaci&#xF3;n |
Introducci&#xF3;n |
Oficio que solicita la opini&#xF3;n de la Comisi&#xF3;n |
Observaciones al proyecto de opini&#xF3;n formulado por la Secretar&#xED;a |
La Secretar&#xED;a propone modificaciones y ajustes atendiendo a las observaciones formuladas al proyecto |
Recomendaci&#xF3;n 01/2009, nombramiento de subordinados jer&#xE1;rquicos de Magistrado y Jueces del Poder Judicial de la Federaci&#xF3;n |
Voto particular del Magistrado Sergio Pallares y Lara</subfield>
  </datafield>
  <datafield tag="650" ind1=" " ind2="7">
    <subfield code="2">lemb</subfield>
    <subfield code="a">&#xC9;tica judicial</subfield>
    <subfield code="z">M&#xE9;xico</subfield>
    <subfield code="9">198025</subfield>
  </datafield>
  <datafield tag="650" ind1=" " ind2="7">
    <subfield code="2">lemb</subfield>
    <subfield code="a">Servidores p&#xFA;blicos</subfield>
    <subfield code="x">Nombramientos</subfield>
    <subfield code="z">M&#xE9;xico</subfield>
    <subfield code="9">198026</subfield>
  </datafield>
  <datafield tag="700" ind1="1" ind2="0">
    <subfield code="a">D&#xED;az Romero, Juan</subfield>
    <subfield code="9">198022</subfield>
    <subfield code="e">Presentador</subfield>
  </datafield>
  <datafield tag="942" ind1=" " ind2=" ">
    <subfield code="2">ddc</subfield>
    <subfield code="c">BK</subfield>
  </datafield>
  <datafield tag="999" ind1=" " ind2=" ">
    <subfield code="c">113984</subfield>
    <subfield code="d">113984</subfield>
  </datafield>
  <datafield tag="952" ind1=" " ind2=" ">
    <subfield code="0">0</subfield>
    <subfield code="1">0</subfield>
    <subfield code="2">ddc</subfield>
    <subfield code="7">0</subfield>
    <subfield code="8">GEN</subfield>
    <subfield code="a">Principal</subfield>
    <subfield code="d">2025-06-10</subfield>
    <subfield code="l">0</subfield>
    <subfield code="o">347.72 R245</subfield>
    <subfield code="p">250923</subfield>
    <subfield code="r">2025-07-30 13:27:35</subfield>
    <subfield code="t">Ej. 1</subfield>
    <subfield code="w">2025-07-30</subfield>
    <subfield code="y">BK</subfield>
  </datafield>
</record>
